000 01285nam a22002057a 4500
999 _c58676
_d58676
003 Ge_BSU
005 20220624131826.0
008 220624s2022 ge ||||| |||| 00| 0 geo d
020 _a9789941934193
041 _ageo
080 _a342.9(479.22)(094.4) ს-32
245 _aსაქართველოს კანონი : საქართველოს ზოგადი ადმინისტრაციული კოდექსი ; საქართველოს კანონი საქართველოს ადმინისტრაციული საპროცესო კოდექსი :
_b2022 წლის 6 მარტის მდგომარეობით.
264 _aთბ. :
_bიურისტების სამყარო,
_c2022.
300 _a174 გვ. ;
_b21 სმ.
490 _aიურისტების სამყარო
653 _aსაქართველოს კანონი
653 _aსაქართველოს ზოგადი ადმინისტრაციული კოდექსი
653 _aსაქართველოს ადმინისტრაციული საპროცესო კოდექსი
942 _2udc
_cBK